000 00875nam a2200229 a 4500
999 _c711
_d711
001 711
003 BD-JhCC
005 20171009090718.0
008 171009s1999 bg a|||| ||a| 001 0 eng d
035 _a(BD-JhCC)711
040 _aBD-JhCC
_dBD-JhCC
041 _aben and eng
082 _222
_a004.0711
_bRAH 1999
100 _aরহমান খান, মোঃ আজিজুর
245 _aকমপিউটার হার্ডওয়্যার মেইনট্যানেন্স এন্ড ট্রাবলশুটিং /
_c মোঃ আজিজুর রহমান খান, তারিকুল ইসলাম চৌধুরী
260 _aঢাকা :
_bজ্ঞানকোষ প্রকাশনী,
_c1999.
300 _a603 p. :
_c21 cm.
650 _aComputer
651 _aBangaladesh
942 _2ddc
_cBK